|
|
|
|
| LEADER |
04798nam a22004453i 4500 |
| 001 |
EBC6713236 |
| 003 |
MiAaPQ |
| 005 |
20231204023218.0 |
| 006 |
m o d | |
| 007 |
cr cnu|||||||| |
| 008 |
231204s2021 xx o ||||0 eng d |
| 020 |
|
|
|a 9783030748173
|q (electronic bk.)
|
| 020 |
|
|
|z 9783030748166
|
| 035 |
|
|
|a (MiAaPQ)EBC6713236
|
| 035 |
|
|
|a (Au-PeEL)EBL6713236
|
| 035 |
|
|
|a (OCoLC)1266361980
|
| 040 |
|
|
|a MiAaPQ
|b eng
|e rda
|e pn
|c MiAaPQ
|d MiAaPQ
|
| 050 |
|
4 |
|a HG4001-4285
|
| 100 |
1 |
|
|a Ozenbas, Deniz.
|
| 245 |
1 |
0 |
|a Liquidity, Markets and Trading in Action :
|b An Interdisciplinary Perspective.
|
| 250 |
|
|
|a 1st ed.
|
| 264 |
|
1 |
|a Cham :
|b Springer International Publishing AG,
|c 2021.
|
| 264 |
|
4 |
|c ©2022.
|
| 300 |
|
|
|a 1 online resource (111 pages)
|
| 336 |
|
|
|a text
|b txt
|2 rdacontent
|
| 337 |
|
|
|a computer
|b c
|2 rdamedia
|
| 338 |
|
|
|a online resource
|b cr
|2 rdacarrier
|
| 490 |
1 |
|
|a Classroom Companion: Business Series
|
| 505 |
0 |
|
|a Liquidity, Markets and Trading in Action -- Preface -- Microeconomics, Chap. 1 -- Finance, Chap. 2 -- Macroeconomics, Chap. 3 -- Information Systems, Chap. 4 -- Simulated Trading, Chap. 5 -- Aim of This Book -- Acknowledgment -- Contents -- 1: Economics and the Equity Market: A Microeconomics Course Application -- 1.1 Microeconomics in a Nutshell -- 1.2 Microeconomic Analysis Goes to an Equity Market -- 1.3 Risk, Return Indifference Curves -- 1.4 The Constraint -- 1.5 Demand Curve to Hold Shares of the Market Portfolio -- 1.6 What About the Supply Curve? -- 1.7 Buy and Sell Curves -- 1.8 The Non-frictionless Market -- 1.9 Wrap Up: Microeconomics in a Non-frictionless Financial Market -- 2: Liquidity, Trading, and Price Determination in Equity Markets: A Finance Course Application -- 2.1 Order Types -- 2.2 Trading Costs -- 2.3 What Drives Trading? -- 2.4 Price Discovery: A Major Function of a Marketplace -- 2.5 Trading: The Implementation of an Investment Decision -- 2.6 Intraday Price Volatility -- 2.7 Liquidity -- 2.8 Equity Market Structures -- 2.8.1 Hybrid Markets -- 2.8.2 Handling Large Orders -- 2.9 Financial Markets and the Process of Turning Orders into Trades -- 2.9.1 Trades in Continuous Order-Driven Markets -- 2.9.2 Trades in Call Auction Markets -- 2.9.3 Trades in Continuous Dealer Markets -- 2.10 Regulation, Technology, and the Quality of Market Structure -- 2.11 Wrapping It Up: Market Efficiency in a Non-frictionless World -- 3: Liquidity and the Impact of Information Shocks: A Macroeconomics Course Application -- 3.1 Economic Conditions, Business Cycles, and the Role of Interest Rates -- 3.2 The Federal Reserve and the Link Between the Macroeconomy and Financial Markets -- 3.3 The Impact of Information Shocks on Divergent Expectations and Price Discovery -- 3.4 The Various Types of Financial Markets.
|
| 505 |
8 |
|
|a 3.5 Example of an Information Shock Based on the Fed's Actions and the Financial Market's Reactions -- 3.6 Using the TraderEx Simulation to Understand Interactions Between Financial Markets and the Macroeconomy -- 3.7 Making the Trade: Combining Macroeconomics with Fundamental Analysis and Technical Analysis -- 3.8 Wrapping Up: How Information Shocks Affect Financial Markets and the Economy -- 4: Trading and Technology: An Information Systems Course Application -- 4.1 IT Innovations: Disruptive Versus Incremental -- 4.2 IT Infrastructure for Financial Markets -- 4.3 IT Support for the Economic Functions of Financial Markets -- 4.4 Instruments and Market Data -- 4.5 Foundational Technologies for Trading -- 4.6 IT Functions in Trading -- 4.7 Managing Trading Technology -- 4.8 Conclusion -- 5: Experiencing Market Dynamics with TraderEx: A Trading Decision-Making Simulation -- 5.1 Conceptual Features of the TraderEx Trading Simulation -- 5.2 Using the TraderEx Trading Simulation -- 5.3 Orders Types -- 5.4 Running a TraderEx Simulation -- 5.5 Diving Deeper -- 5.6 Conclusion -- Index.
|
| 588 |
|
|
|a Description based on publisher supplied metadata and other sources.
|
| 590 |
|
|
|a Electronic reproduction. Ann Arbor, Michigan : ProQuest Ebook Central, 2023. Available via World Wide Web. Access may be limited to ProQuest Ebook Central affiliated libraries.
|
| 655 |
|
4 |
|a Electronic books.
|
| 700 |
1 |
|
|a Pagano, Michael S.
|
| 700 |
1 |
|
|a Schwartz, Robert A.
|
| 700 |
1 |
|
|a Weber, Bruce W.
|
| 776 |
0 |
8 |
|i Print version:
|a Ozenbas, Deniz
|t Liquidity, Markets and Trading in Action
|d Cham : Springer International Publishing AG,c2021
|z 9783030748166
|
| 797 |
2 |
|
|a ProQuest (Firm)
|
| 830 |
|
0 |
|a Classroom Companion: Business Series
|
| 856 |
4 |
0 |
|u https://ebookcentral.proquest.com/lib/matrademy/detail.action?docID=6713236
|z Click to View
|